El conde Lucanor / (Registro nro. 8706)

Detalles MARC
000 -LIDER
fixed length control field 00885nam a22003017a 4500
001 - NÚMERO DE CONTROL
Identificador de número de control 0124
003 - IDENTIFICACDOR DE NÚMERO DE CONTROL
control field DO-SdBNP
005 - DATE AND TIME OF LATEST TRANSACTION
control field 20151113143218.0
007 - CAMPOS FIJOS DE DESCRIPCIÓN FÍSICA
fixed length control field 0124
008 - ELEMENTOS DE LONGITUD FIJA
fixed length control field 151005b19uu sp 00| 0 spa d
020 ## - ISBN
International Standard Book Number 842361199X
040 ## - FUENTE DE CATALOGACIÓN
Agencia que crea de manera original el registro BPMSU
Idioma de catalogación spa
Agencia que realiza la transcripción BPMSU
092 ## - LOCALLY ASSIGNED DEWEY DECIMAL CALL NUMBER
Número de clasificación XXXX
Número de ítem (Cutter) XXXX
100 1# - ASIENTO PRINCIPAL -- NOMBRE PERSONAL
Nombre personal Juan Manuel
245 13 - MENCIÓN DE TITULO
Título El conde Lucanor /
Mención de responsabilidad Juan Manuel ; Juan Pedro de Aguilar ; dirección Carlos Garulo ; ilustraciones Horacio Elena ; historietas Domingo Bladé ; fotografías Arturo Lendínez
260 ## - PUBLICACIÓN, DISTRIBUCIÓN, ETC. (PIE DE IMPRENTA)
Lugar de publicación, distribución, etc Barcelona :
Nombre del editor, distribuidor, etc. Don Bosco,
Fecha de publicación, distribución, etc [199-].
300 ## - DESCRIPCIÓN FÍSICA
Extensión 126 p. :
Dimensiones 21 cm.
490 1# - MENCIÓN DE SERIES
Mención de serie Teatro Edebe
700 1# - ASIENTO SECUNDARIO -- NOMBRE PERSONAL
Nombre personal Aguilar, Juan Pedro
700 1# - ASIENTO SECUNDARIO -- NOMBRE PERSONAL
Nombre personal Garulo, Carlos
Mención de responsabilidad dir.
700 1# - ASIENTO SECUNDARIO -- NOMBRE PERSONAL
Nombre personal Elena, Horacio
Mención de responsabilidad il.
700 1# - ASIENTO SECUNDARIO -- NOMBRE PERSONAL
Nombre personal Bladé, Domingo
Mención de responsabilidad il.
700 1# - ASIENTO SECUNDARIO -- NOMBRE PERSONAL
Nombre personal Lendínez, Arturo
Mención de responsabilidad fot.
830 #0 - ASIENTO SECUNDARIO DE SERIE--TÍTULO UNIFORME
Título uniforme Teatro Edebe
910 ## - VALIDACIÓN
Validación 202
942 ## - ADDED ENTRY ELEMENTS (KOHA)
Source of classification or shelving scheme Dewey Decimal Classification
Koha item type Libros
956 ## - LOCAL ELECTRONIC LOCATION AND ACCESS (OCLC)
Nombre de host Yngrid Lockward
Existencias
Withdrawn status Lost status Source of classification or shelving scheme Damaged status Not for loan Collection code Home library Current library Date acquired Source of acquisition Total Checkouts Barcode Date last seen Price effective from Koha item type
    Dewey Decimal Classification       Biblioteca Pública Metropolitana Salomé Ureña Biblioteca Pública Metropolitana Salomé Ureña 11/13/2015 Donación   BPMET15110262 11/13/2015 11/13/2015 Libros